[Event "Titled Tuesday intern op 02nd Apr Late"]
[Site "Chess.com INT"]
[Date "2024.04.02"]
[Round "6"]
[White "Akhilbay, Imangali"]
[Black "Mao, Fengxi"]
[Result "1-0"]
[WhiteElo "2270"]
[BlackElo "2132"]
[PlyCount "101"]
[EventDate "2024.04.02"]
[EventType "swiss (blitz)"]
[EventRounds "11"]
[EventCountry "USA"]
[SourceTitle "CB15_2024"]
[SourceDate "2024.04.10"]
[SourceVersion "1"]
[SourceVersionDate "2024.04.10"]
[SourceQuality "1"]

1. e4 c5 2. d4 cxd4 3. c3 Nf6 4. e5 Nd5 5. Nf3 d6 6. Bc4 Nb6 7. Bb3 Nc6 8. exd6 Qxd6 9. cxd4 Be6 10. 0-0 Bxb3 11. Qxb3 e6 12. Nc3 Be7 13. Ne4 Qd5 14. Nc3 Qxb3 15. axb3 0-0 16. Be3 Nd5 17. Rfc1 Rfd8 18. Ne4 Rac8 19. Kf1 h6 20. g3 b6 21. Ke2 Na5 22. Ned2 Bb4 23. h4 h5 24. Kd1 f6 25. Rxc8 Rxc8 26. Rc1 Rxc1+ 27. Kxc1 Nxe3 28. fxe3 Bd6 29. Ne4 Bc7 30. Kc2 Kf7 31. Nfd2 Nc6 32. Kc3 Ne7 33. Nf1 Nd5+ 34. Kd3 Ke7 35. Nc3 a6 36. e4 Nb4+ 37. Kd2 b5 38. Ne2 Nc6 39. Kd3 g5 40. Nd2 Bd6 41. Nf3 g4 42. Nd2 Nd8 43. Nf1 Nf7 44. Ne3 Kd7 45. Nf4 e5 46. Nxh5 exd4 47. Nxg4 Be5 48. Nhxf6+ Ke6 49. Nd5 Bh8 50. h5 Ng5 51. Nh6 1-0

[Event "Titled Tuesday intern op 23rd Jan Late"]
[Site "Chess.com INT"]
[Date "2024.01.23"]
[Round "7"]
[White "Akhilbay, Imangali"]
[Black "Aliyev, Ravan"]
[Result "1-0"]
[WhiteElo "2242"]
[BlackElo "2311"]
[PlyCount "57"]
[EventDate "2024.01.23"]
[EventType "swiss (blitz)"]
[EventRounds "11"]
[EventCountry "USA"]
[SourceTitle "CB05_2024"]
[SourceDate "2024.01.31"]
[SourceVersion "1"]
[SourceVersionDate "2024.01.31"]
[SourceQuality "1"]

1. c4 Nf6 2. Nc3 e5 3. Nf3 Nc6 4. g3 Bb4 5. Bg2 0-0 6. 0-0 Bxc3 7. bxc3 e4 8. Nd4 Re8 9. d3 h6 10. f3 exd3 11. exd3 Nxd4 12. cxd4 d5 13. Rb1 b6 14. Bf4 Bf5 15. Rc1 Qd7 16. g4 Bg6 17. Be5 Nh7 18. cxd5 Qxd5 19. f4 Qxa2 20. f5 Bxf5 21. gxf5 Rad8 22. f6 gxf6 23. Qg4+ Kf8 24. Rxf6 Rxe5 25. dxe5 Nxf6 26. exf6 Qe6 27. Qg7+ Ke8 28. Bc6+ Rd7 29. Qh8# 1-0

[Event "Titled Tuesday intern op 23rd Jan Late"]
[Site "Chess.com INT"]
[Date "2024.01.23"]
[Round "8"]
[White "Akhilbay, Imangali"]
[Black "Keller, Peter1"]
[Result "1-0"]
[WhiteElo "2242"]
[BlackElo "2289"]
[PlyCount "63"]
[EventDate "2024.01.23"]
[EventType "swiss (blitz)"]
[EventRounds "11"]
[EventCountry "USA"]
[SourceTitle "CB05_2024"]
[SourceDate "2024.01.31"]
[SourceVersion "1"]
[SourceVersionDate "2024.01.31"]
[SourceQuality "1"]

1. e4 e5 2. Nf3 Nc6 3. Bc4 Nf6 4. d3 Be7 5. 0-0 0-0 6. Bb3 d6 7. c3 Be6 8. Nbd2 h6 9. Re1 a5 10. a4 Nd7 11. d4 exd4 12. cxd4 Bxb3 13. Nxb3 Bf6 14. Bd2 Re8 15. Bc3 d5 16. e5 Be7 17. Nbd2 Nf8 18. Nf1 Ne6 19. Ne3 Nb4 20. Rf1 Qd7 21. Ne1 Bg5 22. g3 c5 23. dxc5 Bxe3 24. fxe3 Nxc5 25. Ng2 Rad8 26. Qh5 Ne4 27. Bd4 Nc2 28. Rac1 Nxd4 29. exd4 Rc8 30. Rcd1 Re7 31. Ne3 g6 32. Qxh6 1-0

[Event "Titled Tuesday intern op 23rd Jan Late"]
[Site "Chess.com INT"]
[Date "2024.01.23"]
[Round "10"]
[White "Mekhitarian, Krikor Sevag"]
[Black "Akhilbay, Imangali"]
[Result "0-1"]
[WhiteElo "2554"]
[BlackElo "2242"]
[PlyCount "62"]
[EventDate "2024.01.23"]
[EventType "swiss (blitz)"]
[EventRounds "11"]
[EventCountry "USA"]
[SourceTitle "CB05_2024"]
[SourceDate "2024.01.31"]
[SourceVersion "1"]
[SourceVersionDate "2024.01.31"]
[SourceQuality "1"]

1. Nf3 Nf6 2. c4 g6 3. Nc3 Bg7 4. e4 d6 5. d4 0-0 6. h3 e5 7. d5 Na6 8. Be3 Nc5 9. Nd2 a5 10. g4 h5 11. Be2 hxg4 12. hxg4 c6 13. g5 Nh7 14. Nf3 a4 15. Qd2 cxd5 16. Nxd5 Nxe4 17. Qc2 Nexg5 18. Nxg5 Nxg5 19. 0-0-0 Bf5 20. Bd3 Bxd3 21. Qxd3 Ne6 22. Kb1 a3 23. b3 Nd4 24. f4 Re8 25. fxe5 dxe5 26. Rdf1 b5 27. Bh6 bxc4 28. Qh3 Qxd5 29. Re1 cxb3 30. Bxg7 bxa2+ 31. Ka1 Nc2# 0-1

[Event "Titled Tuesday intern op 23rd Jan Late"]
[Site "Chess.com INT"]
[Date "2024.01.23"]
[Round "1"]
[White "Poddubnyi, Viktor"]
[Black "Akhilbay, Imangali"]
[Result "0-1"]
[WhiteElo "2304"]
[BlackElo "2242"]
[PlyCount "80"]
[EventDate "2024.01.23"]
[EventType "swiss (blitz)"]
[EventRounds "11"]
[EventCountry "USA"]
[SourceTitle "CB05_2024"]
[SourceDate "2024.01.31"]
[SourceVersion "1"]
[SourceVersionDate "2024.01.31"]
[SourceQuality "1"]

1. e4 g6 2. d4 Bg7 3. c4 d6 4. Nc3 Nf6 5. Nf3 0-0 6. Be2 e5 7. 0-0 Nc6 8. d5 Ne7 9. Kh1 Nd7 10. Ng1 f5 11. Bf3 Nf6 12. b4 f4 13. c5 g5 14. h3 Ng6 15. a4 Nh4 16. Bd2 Nxf3 17. gxf3 h5 18. Rc1 Bd7 19. cxd6 cxd6 20. Nb5 Ne8 21. Qe2 Rf7 22. Rc2 a6 23. Nc3 Bf8 24. b5 Rh7 25. Rb1 g4 26. fxg4 hxg4 27. f3 g3 28. Kg2 Qh4 29. Kf1 Bxh3+ 30. Ke1 Bd7 31. Kd1 Qh1 32. Qf1 Rh2 33. Be1 Rxc2 34. Kxc2 axb5 35. a5 Rxa5 36. Nce2 Ra2+ 37. Rb2 Ra1 38. Rb1 Rxb1 39. Kxb1 Be7 40. Nc3 Bh4 0-1

[Event "Titled Tuesday intern op 23rd Jan Late"]
[Site "Chess.com INT"]
[Date "2024.01.23"]
[Round "4"]
[White "Sturt, Raven M"]
[Black "Akhilbay, Imangali"]
[Result "1-0"]
[WhiteElo "2459"]
[BlackElo "2242"]
[PlyCount "87"]
[EventDate "2024.01.23"]
[EventType "swiss (blitz)"]
[EventRounds "11"]
[EventCountry "USA"]
[SourceTitle "CB05_2024"]
[SourceDate "2024.01.31"]
[SourceVersion "1"]
[SourceVersionDate "2024.01.31"]
[SourceQuality "1"]

1. f4 d5 2. Nf3 Nf6 3. e3 g6 4. b3 Bg7 5. Bb2 0-0 6. Be2 c5 7. 0-0 Nc6 8. Ne5 Bd7 9. Nxd7 Qxd7 10. Bf3 Rac8 11. Nc3 d4 12. Ne4 Nxe4 13. Bxe4 Rfd8 14. Qf3 f5 15. Bd3 dxe3 16. Bxg7 Kxg7 17. dxe3 e5 18. Rad1 Qe7 19. e4 Nd4 20. Qf2 fxe4 21. Bxe4 exf4 22. Rde1 Qf6 23. c3 Nb5 24. Bxb7 Rc7 25. Bf3 Nxc3 26. Bg4 Qd4 27. h4 Nxa2 28. Kh2 Qxf2 29. Rxf2 Nb4 30. Ra1 Rd4 31. Be6 Nd3 32. Rfa2 Kf6 33. Bc4 Ne5 34. Ra6+ Kf5 35. Be6+ Ke4 36. Re1+ Kd3 37. Rxe5 f3 38. Bc4+ Kc3 39. Re3+ Kd2 40. Rxf3 Rxh4+ 41. Kg3 Rd4 42. Ra2+ Kc1 43. Rf1+ Rd1 44. Ra1+ 1-0

[Event "Titled Tuesday intern op 16th Jan Early"]
[Site "Chess.com INT"]
[Date "2024.01.16"]
[Round "8"]
[White "Akhilbay, Imangali"]
[Black "Buscar, Michael"]
[Result "0-1"]
[WhiteElo "2242"]
[BlackElo "2041"]
[PlyCount "70"]
[EventDate "2024.01.16"]
[EventType "swiss (blitz)"]
[EventRounds "11"]
[EventCountry "USA"]
[SourceTitle "CB04_2024"]
[SourceDate "2023.10.16"]
[SourceVersion "1"]
[SourceVersionDate "2023.10.16"]
[SourceQuality "1"]

1. e4 c5 2. Nc3 Nc6 3. f4 e6 4. Nf3 a6 5. a4 Nge7 6. e5 d6 7. exd6 Qxd6 8. Bc4 Qxf4 9. d3 Qc7 10. 0-0 h6 11. Ne4 Nf5 12. g4 Nfd4 13. c3 Nxf3+ 14. Qxf3 Ne5 15. Qg3 f6 16. Bf4 Bd6 17. Nxd6+ Qxd6 18. Rae1 0-0 19. Bxe5 fxe5 20. Rxf8+ Kxf8 21. Qxe5 Qxe5 22. Rxe5 b5 23. axb5 axb5 24. Bxb5 Ra1+ 25. Kf2 Rb1 26. Rxc5 Rxb2+ 27. Ke3 Bb7 28. Bc4 Ke7 29. Rc7+ Kf6 30. h4 g5 31. hxg5+ hxg5 32. Kd4 Bf3 33. Rh7 Bxg4 34. Kc5 Bf5 35. Rh6+ Kg7 0-1

[Event "Wch U16"]
[Site "Montesilvano"]
[Date "2023.11.17"]
[Round "5"]
[White "Andreev, Konstantin1"]
[Black "Akhilbay, Imangali"]
[Result "0-1"]
[WhiteElo "2304"]
[BlackElo "2166"]
[PlyCount "82"]
[EventDate "2023.11.13"]
[EventType "swiss"]
[EventRounds "11"]
[EventCountry "ITA"]
[SourceTitle "CB48_2023"]
[SourceDate "2023.11.29"]
[SourceVersion "1"]
[SourceVersionDate "2023.11.29"]
[SourceQuality "1"]

1. e4 c6 2. d4 d5 3. e5 Bf5 4. h4 h5 5. Bg5 Qb6 6. b3 e6 7. Nf3 c5 8. Be2 Nc6 9. dxc5 Bxc5 10. 0-0 a6 11. Nbd2 Qc7 12. Re1 f6 13. Bf4 0-0-0 14. Bg3 fxe5 15. c4 d4 16. a3 d3 17. Bf1 Bd4 18. Nxd4 Nxd4 19. Rxe5 Qe7 20. b4 Nf6 21. Rc5+ Nc6 22. Qf3 Kd7 23. Re1 Ke8 24. Qe3 Kf7 25. Nf3 Rhe8 26. Qf4 Qf8 27. Ng5+ Kg8 28. Qe3 d2 29. Rd1 Ng4 30. Qb3 Qf6 31. Nf3 Nd4 32. Nxd4 Qxd4 33. Be2 Qe4 34. Qf3 Nf6 35. Re5 Qxf3 36. Bxf3 Bc2 37. Bf4 Bxd1 38. Bxd1 Rd4 39. g3 Red8 40. Kf1 Ne4 41. Be3 Rxc4 0-1

[Event "Astana Zhuldyzdary op-A"]
[Site "Astana"]
[Date "2023.07.17"]
[Round "9"]
[White "Akhilbay, Imangali"]
[Black "Mukhametkali, Merey"]
[Result "0-1"]
[WhiteElo "2049"]
[BlackElo "1923"]
[PlyCount "70"]
[EventDate "2023.07.11"]
[EventType "swiss"]
[EventRounds "10"]
[EventCountry "KAZ"]
[SourceTitle "CBM 215 Extra"]
[Source "ChessBase"]
[SourceDate "2023.09.30"]
[SourceVersion "1"]
[SourceVersionDate "2023.09.30"]
[SourceQuality "1"]

1. e4 e6 2. d4 d5 3. Nc3 Bb4 4. e5 Ne7 5. a3 Bxc3+ 6. bxc3 c5 7. h4 Nbc6 8. h5 h6 9. Qg4 Kf8 10. a4 Qa5 11. Bd2 Qd8 12. Qf4 Qb6 13. Ne2 Bd7 14. Rh3 Kg8 15. Kd1 Rf8 16. Kc1 Na5 17. Rg3 Nc4 18. Rb1 Qd8 19. Rxb7 Nf5 20. Rf3 Bc6 21. Rb1 Bxa4 22. Ng3 Nh4 23. Rd3 Bxc2 24. Kxc2 Na3+ 25. Kc1 Nxb1 26. Kxb1 c4 27. Re3 Qb6+ 28. Kc1 Qb3 29. Bxc4 dxc4 30. Qe4 Rb8 31. Qc2 Qa3+ 32. Kd1 Nxg2 33. Rf3 Qa1+ 34. Ke2 Rb2 35. Qd1 Rb1 0-1

[Event "Astana Zhuldyzdary op-A"]
[Site "Astana"]
[Date "2023.07.16"]
[Round "8"]
[White "Kolosovskiy, Anton"]
[Black "Akhilbay, Imangali"]
[Result "0-1"]
[WhiteElo "1933"]
[BlackElo "2049"]
[PlyCount "72"]
[EventDate "2023.07.11"]
[EventType "swiss"]
[EventRounds "10"]
[EventCountry "KAZ"]
[SourceTitle "CBM 215 Extra"]
[Source "ChessBase"]
[SourceDate "2023.09.30"]
[SourceVersion "1"]
[SourceVersionDate "2023.09.30"]
[SourceQuality "1"]

1. c4 Nf6 2. Nc3 g6 3. Nf3 Bg7 4. d4 0-0 5. Bg5 d6 6. e3 h6 7. Bh4 c5 8. d5 g5 9. Bg3 Nh5 10. Qc2 f5 11. Bd3 Na6 12. a3 Bd7 13. Nd2 Rb8 14. f3 Nxg3 15. hxg3 Nc7 16. g4 fxg4 17. 0-0-0 b5 18. Rh5 b4 19. axb4 cxb4 20. Bh7+ Kh8 21. Nce4 b3 22. Qd3 Na6 23. Rdh1 Qa5 24. Qb1 Qa2 25. Nxg5 Rf6 26. Nde4 Qxb1+ 27. Kxb1 gxf3 28. Nxf6 exf6 29. Bg6 fxg5 30. gxf3 Rf8 31. Rxg5 Rxf3 32. Rg2 Rxe3 33. Rhg1 Re7 34. Bh5 Bf5+ 35. Kc1 Nc5 36. Bd1 Bd4 0-1

[Event "Astana Zhuldyzdary op-A"]
[Site "Astana"]
[Date "2023.07.13"]
[Round "4"]
[White "Akhilbay, Imangali"]
[Black "Tokbayev, Anuar"]
[Result "0-1"]
[WhiteElo "2049"]
[BlackElo "1809"]
[PlyCount "62"]
[EventDate "2023.07.11"]
[EventType "swiss"]
[EventRounds "10"]
[EventCountry "KAZ"]
[SourceTitle "CBM 215 Extra"]
[Source "ChessBase"]
[SourceDate "2023.09.30"]
[SourceVersion "1"]
[SourceVersionDate "2023.09.30"]
[SourceQuality "1"]

1. e4 e6 2. d4 d5 3. Nc3 Nf6 4. Bg5 dxe4 5. Nxe4 Be7 6. Bxf6 gxf6 7. Nf3 f5 8. Nc3 a6 9. g3 b5 10. Bg2 Bb7 11. 0-0 c5 12. d5 b4 13. Ne5 bxc3 14. Qh5 0-0 15. dxe6 Bxg2 16. Rfd1 Qb6 17. exf7+ Kg7 18. Kxg2 Qf6 19. Qe2 Nc6 20. Nd7 Nd4 21. Rxd4 Qxd4 22. Qxe7 Rxf7 23. Qe5+ Qxe5 24. Nxe5 cxb2 25. Rb1 Rb7 26. Kf1 Rd8 27. Ke2 Rd4 28. Nd3 c4 29. Nc5 Re7+ 30. Kf3 c3 31. Nb3 Rde4 0-1

[Event "Astana Zhuldyzdary op-A"]
[Site "Astana"]
[Date "2023.07.12"]
[Round "3"]
[White "Begmuratov, Khumoyun"]
[Black "Akhilbay, Imangali"]
[Result "1-0"]
[WhiteElo "2391"]
[BlackElo "2049"]
[PlyCount "75"]
[EventDate "2023.07.11"]
[EventType "swiss"]
[EventRounds "10"]
[EventCountry "KAZ"]
[SourceTitle "CBM 215 Extra"]
[Source "ChessBase"]
[SourceDate "2023.09.30"]
[SourceVersion "1"]
[SourceVersionDate "2023.09.30"]
[SourceQuality "1"]

1. e4 c5 2. Nf3 Nc6 3. d4 cxd4 4. Nxd4 g6 5. c4 Bg7 6. Be3 Qb6 7. Nb3 Qd8 8. Qd2 Nf6 9. f3 d6 10. Nc3 0-0 11. Be2 Be6 12. 0-0 Rc8 13. Nd5 Nd7 14. f4 b6 15. Nd4 Nxd4 16. Bxd4 Bxd4+ 17. Qxd4 b5 18. Ne3 Bxc4 19. Bxc4 bxc4 20. Nxc4 Nb6 21. Ne3 Qc7 22. Kh1 Qc5 23. Qd3 Rfd8 24. f5 Kg7 25. Rae1 Rd7 26. Re2 f6 27. Rc2 Qxe3 28. Qxe3 Rxc2 29. fxg6 hxg6 30. h4 Rd8 31. Rc1 Rxb2 32. Rc7 Re8 33. Rxa7 Nc4 34. Qc1 d5 35. exd5 Rc8 36. Rxe7+ Kf8 37. Re4 Nd6 38. Qh6+ 1-0

[Event "Asian Continental op 20th"]
[Site "Almaty"]
[Date "2023.06.09"]
[Round "7"]
[White "Akhilbay, Imangali"]
[Black "Kazhmuratov, Altair"]
[Result "0-1"]
[WhiteElo "2065"]
[BlackElo "1596"]
[PlyCount "86"]
[EventDate "2023.06.04"]
[EventType "swiss"]
[EventRounds "9"]
[EventCountry "KAZ"]
[SourceTitle "CBM 214 Extra"]
[Source "ChessBase"]
[SourceDate "2023.07.31"]
[SourceVersion "1"]
[SourceVersionDate "2023.07.31"]
[SourceQuality "1"]

1. c4 Nf6 2. Nc3 c5 3. g3 g6 4. Bg2 Bg7 5. e3 0-0 6. Nge2 Nc6 7. 0-0 d6 8. a3 a6 9. d3 e5 10. Rb1 Be6 11. Nd5 Bxd5 12. cxd5 Ne7 13. e4 Ne8 14. b4 cxb4 15. Rxb4 b5 16. a4 Nc7 17. Rb1 f5 18. Be3 Qd7 19. a5 h6 20. f4 Kh7 21. Qd2 Ne8 22. Nc3 Rc8 23. Na2 exf4 24. gxf4 Nf6 25. Rbc1 Ng4 26. Bb6 Rxc1 27. Rxc1 Rc8 28. h3 Nf6 29. Nb4 fxe4 30. dxe4 Rc4 31. Rxc4 bxc4 32. Bd4 Qb5 33. Nc2 Qb3 34. Ne3 Qb1+ 35. Qd1 Qa2 36. e5 Ne8 37. Qc2 Qxa5 38. Nxc4 Qe1+ 39. Kh2 dxe5 40. Bxe5 Nf5 41. Qd3 Qf2 42. d6 Nexd6 43. Nxd6 Ne3 0-1

[Event "Asian Continental blitz op 20th"]
[Site "Almaty"]
[Date "2023.06.03"]
[Round "1"]
[White "Akhilbay, Imangali"]
[Black "Pranav, V."]
[Result "0-1"]
[WhiteElo "2022"]
[BlackElo "2597"]
[PlyCount "112"]
[EventDate "2023.06.03"]
[EventType "swiss (blitz)"]
[EventRounds "9"]
[EventCountry "KAZ"]
[SourceTitle "CBM 214 Extra"]
[Source "ChessBase"]
[SourceDate "2023.07.31"]
[SourceVersion "1"]
[SourceVersionDate "2023.07.31"]
[SourceQuality "1"]

1. e4 e5 2. Nf3 Nc6 3. d4 exd4 4. Nxd4 Bc5 5. Nb3 Bb6 6. Nc3 Nf6 7. Bg5 h6 8. Bh4 d6 9. Qe2 Be6 10. 0-0-0 g5 11. Bg3 Qe7 12. Nd5 Bxd5 13. exd5 Qxe2 14. Bxe2 Ne7 15. Rhe1 Kf8 16. c4 Ne4 17. Bf3 Nxg3 18. fxg3 a5 19. c5 Ba7 20. cxd6 cxd6 21. Nxa5 Bf2 22. Re2 Rxa5 23. Rxf2 Ng6 24. Kb1 Ne5 25. Rc2 Kg7 26. Rc7 Rha8 27. a3 Rb5 28. Be2 Rb3 29. Rf1 Kg6 30. Bd1 Re3 31. Bc2+ Kg7 32. Rxb7 Re2 33. Bf5 Rxg2 34. Be6 Rf8 35. a4 Kg8 36. Bf5 Nc4 37. Rd1 Ra8 38. Be4 Rxh2 39. b3 Ne5 40. Bf5 Rf2 41. Bh3 g4 42. Bf1 h5 43. Bb5 Rc8 44. a5 Rcc2 45. a6 Rb2+ 46. Ka1 Rxb3 47. a7 Ra3+ 48. Kb1 Rfa2 49. Bc6 Rxa7 50. Rxa7 Rxa7 51. Rh1 Ra3 52. Rxh5 Rxg3 53. Kc1 Kg7 54. Rf5 Rf3 55. Rh5 Kg6 56. Rh1 Nxc6 0-1

[Event "Cheliabinsk Lozovatsky Memorial-A"]
[Site "Cheliabinsk"]
[Date "2023.02.05"]
[Round "10"]
[White "Akhilbay, Imangali"]
[Black "Kamilov, Dmitry"]
[Result "1/2-1/2"]
[WhiteElo "2185"]
[BlackElo "2012"]
[PlyCount "50"]
[EventDate "2023.01.27"]
[EventType "swiss"]
[EventRounds "10"]
[EventCountry "RUS"]
[SourceTitle "CBM 212 Extra"]
[Source "ChessBase"]
[SourceDate "2023.03.31"]
[SourceVersion "1"]
[SourceVersionDate "2023.03.31"]
[SourceQuality "1"]

1. d4 Nf6 2. Nc3 d5 3. Bf4 g6 4. e3 Bg7 5. h4 h5 6. Nf3 0-0 7. Ne5 c5 8. Qd2 cxd4 9. exd4 Nc6 10. f3 Bf5 11. Bb5 Nxe5 12. dxe5 Nd7 13. 0-0-0 Nxe5 14. Rhe1 Nc6 15. Bh6 Rc8 16. Bxg7 Kxg7 17. g4 hxg4 18. Bxc6 bxc6 19. fxg4 Bd7 20. h5 f6 21. Qd3 g5 22. Qg6+ Kh8 23. Qh6+ Kg8 24. Qg6+ Kh8 25. Qh6+ Kg8 1/2-1/2

[Event "Cheliabinsk Lozovatsky Memorial-A"]
[Site "Cheliabinsk"]
[Date "2023.02.04"]
[Round "9"]
[White "Akhilbay, Imangali"]
[Black "Maslovskiy, Vladimir"]
[Result "0-1"]
[WhiteElo "2185"]
[BlackElo "2050"]
[PlyCount "90"]
[EventDate "2023.01.27"]
[EventType "swiss"]
[EventRounds "10"]
[EventCountry "RUS"]
[SourceTitle "CBM 212 Extra"]
[Source "ChessBase"]
[SourceDate "2023.03.31"]
[SourceVersion "1"]
[SourceVersionDate "2023.03.31"]
[SourceQuality "1"]

1. e4 e5 2. Nf3 Nf6 3. Nc3 Nc6 4. h3 h6 5. a3 d5 6. exd5 Nxd5 7. Nxe5 Nxc3 8. Nxc6 Nxd1 9. Nxd8 Nxf2 10. Kxf2 Kxd8 11. d4 Bf5 12. Bf4 Bd6 13. Bxd6 cxd6 14. c3 Be4 15. Be2 a6 16. c4 Re8 17. h4 g6 18. Rhe1 Rc8 19. b4 Rc7 20. g3 g5 21. c5 Rce7 22. b5 gxh4 23. gxh4 Re6 24. bxa6 bxa6 25. Bd1 Rf6+ 26. Ke3 Bd3+ 27. Kd2 Rf2+ 28. Kxd3 Rxe1 29. cxd6 Rff1 30. Kd2 Re6 31. Rb1 Rxd6 32. Ke2 Rf4 33. Rb8+ Kc7 34. Rf8 Rfxd4 35. Rxf7+ Kb6 36. Bb3 Rd2+ 37. Ke1 Rb2 38. Bc4 Kc5 39. Bf1 Kd4 40. Rf3 Ke4 41. Rf7 Ra2 42. Re7+ Kf4 43. Be2 Rxa3 44. Kf2 a5 45. h5 Rf6 0-1

[Event "Cheliabinsk Lozovatsky Memorial-A"]
[Site "Cheliabinsk"]
[Date "2023.02.01"]
[Round "6"]
[White "Volkov, Sergey"]
[Black "Akhilbay, Imangali"]
[Result "1-0"]
[WhiteElo "2472"]
[BlackElo "2185"]
[PlyCount "89"]
[EventDate "2023.01.27"]
[EventType "swiss"]
[EventRounds "10"]
[EventCountry "RUS"]
[SourceTitle "CBM 212 Extra"]
[Source "ChessBase"]
[SourceDate "2023.03.31"]
[SourceVersion "1"]
[SourceVersionDate "2023.03.31"]
[SourceQuality "1"]

1. d4 d5 2. c4 e6 3. Nc3 c5 4. cxd5 exd5 5. Nf3 Nc6 6. g3 Nf6 7. Bg2 cxd4 8. Nxd4 Bc5 9. Nb3 Bb6 10. 0-0 d4 11. Na4 0-0 12. Bg5 Re8 13. Re1 h6 14. Bxc6 bxc6 15. Bxf6 Qxf6 16. Nxb6 axb6 17. Qxd4 Qd8 18. a3 Be6 19. Qc3 c5 20. Rad1 Qe7 21. Nc1 h5 22. Nd3 h4 23. Nf4 Ra4 24. Qe5 hxg3 25. hxg3 f6 26. Qxe6+ Qxe6 27. Nxe6 Rxe6 28. e3 Rc4 29. Re2 b5 30. Rd8+ Kf7 31. Rb8 b4 32. axb4 Rxb4 33. Rxb4 cxb4 34. Rd2 Rb6 35. b3 Ke6 36. Rd4 g5 37. Kg2 Ke5 38. Kf3 Rb8 39. g4 Rb7 40. Ke2 Rb8 41. Kd3 Rb7 42. f4+ gxf4 43. exf4+ Ke6 44. Kc4 Rg7 45. Re4+ 1-0

[Event "Cheliabinsk Lozovatsky Memorial-A"]
[Site "Cheliabinsk"]
[Date "2023.01.27"]
[Round "1"]
[White "Akhilbay, Imangali"]
[Black "Obgolts, Erik"]
[Result "0-1"]
[WhiteElo "2185"]
[BlackElo "2445"]
[PlyCount "88"]
[EventDate "2023.01.27"]
[EventType "swiss"]
[EventRounds "10"]
[EventCountry "RUS"]
[SourceTitle "CBM 212 Extra"]
[Source "ChessBase"]
[SourceDate "2023.03.31"]
[SourceVersion "1"]
[SourceVersionDate "2023.03.31"]
[SourceQuality "1"]

1. e4 c6 2. d4 d5 3. exd5 cxd5 4. Bd3 Nf6 5. c3 Bg4 6. Qb3 Qc7 7. Ne2 Nc6 8. Bf4 Qd7 9. Ng3 e6 10. Bg5 Nh5 11. f3 Nxg3 12. hxg3 Bf5 13. Bxf5 exf5 14. Kf2 f6 15. Be3 Bd6 16. Nd2 Ne7 17. Nf1 g5 18. Bd2 h5 19. Re1 0-0-0 20. Ke2 f4 21. gxf4 gxf4 22. Kd1 Rdg8 23. Re2 Rg5 24. c4 Nf5 25. cxd5 Kb8 26. Re4 Rxg2 27. Bxf4 Bxf4 28. Rxf4 Rc8 29. Re4 Qc7 30. Qc3 Qh7 31. Qa3 Qc7 32. Qc3 Qg7 33. Qb3 Qg5 34. Ne3 Rg1+ 35. Rxg1 Qxg1+ 36. Kd2 Qf2+ 37. Kd3 Ng3 38. Nd1 Qxf3+ 39. Re3 Qf5+ 40. Kd2 Nf1+ 41. Ke1 Nxe3 42. Nxe3 Qf4 43. Qa3 Re8 44. Ke2 Qxd4 0-1

[Event "Wch Blitz"]
[Site "Almaty"]
[Date "2022.12.30"]
[Round "20"]
[White "Akhilbay, Imangali"]
[Black "Petkov, Momchil"]
[Result "0-1"]
[WhiteElo "2003"]
[BlackElo "2411"]
[PlyCount "72"]
[EventDate "2022.12.29"]
[EventType "swiss (blitz)"]
[EventRounds "21"]
[EventCountry "KAZ"]
[SourceTitle "CBM 212"]
[Source "ChessBase"]
[SourceDate "2023.02.28"]
[SourceVersion "1"]
[SourceVersionDate "2023.02.28"]
[SourceQuality "1"]

1. d4 Nf6 2. Bf4 d5 3. Nc3 e6 4. Nb5 Na6 5. e3 Be7 6. Nf3 0-0 7. h4 Ne4 8. Nd2 c6 9. Nxe4 dxe4 10. Nc3 f5 11. h5 Nb4 12. g4 Nd5 13. Nxd5 exd5 14. gxf5 Bxf5 15. Rg1 Kh8 16. Qd2 Bd6 17. Bg5 Qd7 18. Be2 Bh3 19. Bh4 Bh2 20. Rh1 Qc7 21. 0-0-0 Bg2 22. Rhe1 Qd7 23. Qb4 Bd6 24. Qb3 Qh3 25. Bg5 b5 26. Rg1 Rxf2 27. Rde1 Qg3 28. Qc3 Qxg5 29. Qxc6 Rd8 30. Bf1 Rxf1 31. Rexf1 Qxe3+ 32. Kb1 Bxf1 33. Rxf1 h6 34. Qxd5 Qh3 35. Qxb5 e3 36. Re1 Bg3 0-1

[Event "Wch Blitz"]
[Site "Almaty"]
[Date "2022.12.30"]
[Round "14"]
[White "Postlmayer, Jakob"]
[Black "Akhilbay, Imangali"]
[Result "1-0"]
[WhiteElo "2182"]
[BlackElo "2003"]
[PlyCount "87"]
[EventDate "2022.12.29"]
[EventType "swiss (blitz)"]
[EventRounds "21"]
[EventCountry "KAZ"]
[SourceTitle "CBM 212"]
[Source "ChessBase"]
[SourceDate "2023.02.28"]
[SourceVersion "1"]
[SourceVersionDate "2023.02.28"]
[SourceQuality "1"]

1. e4 c5 2. Nf3 Nc6 3. Bb5 d6 4. 0-0 Bd7 5. Re1 Nf6 6. c3 a6 7. Bf1 Bg4 8. h3 Bxf3 9. Qxf3 e6 10. d3 Be7 11. Nd2 0-0 12. Qe2 b5 13. g3 Rb8 14. a3 a5 15. Bg2 b4 16. axb4 axb4 17. Kh2 Re8 18. f4 Nd7 19. Nc4 Nb6 20. Nxb6 Rxb6 21. Be3 bxc3 22. bxc3 Qb8 23. Ra2 Bf6 24. Qd2 Rc8 25. d4 cxd4 26. cxd4 d5 27. exd5 exd5 28. Bxd5 Rd8 29. Bg2 Qd6 30. d5 Nb4 31. Bxb6 Qxb6 32. Ra4 Na6 33. Rae4 Kf8 34. Qe2 g6 35. Re8+ Rxe8 36. Qxe8+ Kg7 37. Qc6 Qa5 38. Re2 Nb4 39. Qc4 Qb6 40. Rd2 Na6 41. d6 Qe3 42. Qd3 Qe8 43. Qxa6 Qe1 44. Qe2 1-0

[Event "Wch Blitz"]
[Site "Almaty"]
[Date "2022.12.30"]
[Round "19"]
[White "Uruci, Endrit"]
[Black "Akhilbay, Imangali"]
[Result "0-1"]
[WhiteElo "2379"]
[BlackElo "2003"]
[PlyCount "116"]
[EventDate "2022.12.29"]
[EventType "swiss (blitz)"]
[EventRounds "21"]
[EventCountry "KAZ"]
[SourceTitle "CBM 212"]
[Source "ChessBase"]
[SourceDate "2023.02.28"]
[SourceVersion "1"]
[SourceVersionDate "2023.02.28"]
[SourceQuality "1"]

1. e4 c5 2. Nf3 Nc6 3. Bb5 d6 4. Bxc6+ bxc6 5. 0-0 e5 6. c3 f5 7. d3 Nf6 8. Bg5 Be7 9. Nbd2 0-0 10. h3 Be6 11. Re1 h6 12. Bxf6 Bxf6 13. exf5 Bxf5 14. Ne4 Be7 15. d4 cxd4 16. cxd4 d5 17. Ng3 e4 18. Ne5 Qe8 19. Rc1 Bd7 20. Nxd7 Qxd7 21. Qg4 Qxg4 22. hxg4 Rab8 23. b3 Rb6 24. Re2 Bf6 25. Rd1 Rb4 26. Nf5 g6 27. Nxh6+ Kg7 28. g5 Bxg5 29. Ng4 Bf6 30. Rc2 Rc8 31. Ne3 Rbb8 32. Rdc1 Bxd4 33. Nxd5 c5 34. Re1 Re8 35. Ne3 Rb6 36. Nc4 Rf6 37. Rce2 Ref8 38. Ne3 g5 39. g3 Kg6 40. Ng4 Re6 41. Rxe4 Rxe4 42. Rxe4 Kf5 43. Re2 Kxg4 44. Kg2 Rf7 45. Rd2 Kf5 46. b4 g4 47. bxc5 Ke5 48. c6 Rc7 49. Rc2 Kd5 50. Re2 Rxc6 51. Rd2 Rf6 52. Rc2 a5 53. Rd2 a4 54. Rc2 a3 55. Rd2 Rb6 56. Kf1 Rb2 57. Re2 Kc4 58. Ke1 Kd3 0-1